[Event "Barbera del Valles op 47th"]
[Site "Barbera del Valles"]
[Date "2025.07.11"]
[Round "8"]
[White "Chavez Suarez, Carlos Alberto"]
[Black "Ruiz Buendia, Miguel"]
[Result "0-1"]
[WhiteElo "2294"]
[BlackElo "2368"]
[PlyCount "74"]
[EventDate "2025.07.04"]
[EventType "swiss"]
[EventRounds "8"]
[EventCountry "ESP"]
[SourceTitle "CB29_2025"]
[SourceDate "2025.07.16"]
[SourceVersion "1"]
[SourceVersionDate "2025.07.16"]
[SourceQuality "1"]

1. e4 e5 2. Nf3 Nc6 3. d3 Nf6 4. g3 Bc5 5. Bg2 d6 6. c3 0-0 7. 0-0 a5 8. d4 Ba7 9. dxe5 Nxe5 10. Nxe5 dxe5 11. Qe2 Be6 12. Na3 Qe8 13. Bg5 Nd7 14. Nb5 Bb6 15. Be3 Qe7 16. Rfd1 Rfd8 17. Bf3 Bxe3 18. Qxe3 Nc5 19. b3 b6 20. c4 a4 21. Rab1 Rxd1+ 22. Bxd1 Rd8 23. Bc2 Na6 24. Nc3 Nb4 25. Nd5 Bxd5 26. exd5 Nxc2 27. Qe4 axb3 28. axb3 Nd4 29. Kg2 Qf6 30. b4 Qg6 31. Qh4 f6 32. Re1 Qd3 33. Re3 Qc2 34. Rxe5 Nf5 35. Qe4 Ne3+ 36. Qxe3 fxe5 37. Qxe5 Qxc4 0-1

[Event "Barbera del Valles op 47th"]
[Site "Barbera del Valles"]
[Date "2025.07.10"]
[Round "7"]
[White "Grigoryan, Karen H"]
[Black "Chavez Suarez, Carlos Alberto"]
[Result "1/2-1/2"]
[WhiteElo "2502"]
[BlackElo "2294"]
[PlyCount "125"]
[EventDate "2025.07.04"]
[EventType "swiss"]
[EventRounds "8"]
[EventCountry "ESP"]
[SourceTitle "CB29_2025"]
[SourceDate "2025.07.16"]
[SourceVersion "1"]
[SourceVersionDate "2025.07.16"]
[SourceQuality "1"]

1. e4 c5 2. Nf3 e6 3. d4 cxd4 4. Nxd4 a6 5. Bd3 g6 6. c4 Bg7 7. Nf3 d5 8. cxd5 exd5 9. exd5 Qxd5 10. Nc3 Qd8 11. Qe2+ Ne7 12. Bg5 h6 13. Bh4 Nbc6 14. 0-0 0-0 15. Rfe1 f6 16. Rad1 Qa5 17. Bg3 Bf5 18. Bxf5 Qxf5 19. Nd4 Nxd4 20. Rxd4 Nc6 21. Rd5 Qc8 22. Red1 Re8 23. Qd2 Qe6 24. Rd6 Qf7 25. Qc2 Rad8 26. Rxd8 Rxd8 27. Rxd8+ Nxd8 28. f3 Nc6 29. b3 f5 30. h4 Qe7 31. Nd5 Qe6 32. Nf4 Qf7 33. Bf2 Be5 34. Qd2 Kh7 35. Kf1 Bf6 36. Qd5 Qxd5 37. Nxd5 Be5 38. Ke2 Kg7 39. Kd3 Kf7 40. Be3 Bg7 41. Kc4 Bf8 42. b4 Ne5+ 43. Kc3 Ke6 44. Nf4+ Kd7 45. Bd4 Bd6 46. Be3 g5 47. Nh3 f4 48. Bd2 Be7 49. hxg5 hxg5 50. a4 Ke6 51. Kd4 Bf6 52. Ke4 Nc4 53. Be1 Nd6+ 54. Kd3 Nf5 55. Ke4 Be7 56. Kd3 Kd5 57. b5 axb5 58. axb5 Nd4 59. b6 Ne6 60. g3 Nc5+ 61. Ke2 fxg3 62. Bxg3 Kc6 63. Bf2 1/2-1/2

[Event "Barbera del Valles op 47th"]
[Site "Barbera del Valles"]
[Date "2025.07.09"]
[Round "6"]
[White "Chavez Suarez, Carlos Alberto"]
[Black "Berdayes Ason, Dylan Isidro"]
[Result "1/2-1/2"]
[WhiteElo "2294"]
[BlackElo "2488"]
[PlyCount "74"]
[EventDate "2025.07.04"]
[EventType "swiss"]
[EventRounds "8"]
[EventCountry "ESP"]
[SourceTitle "CB29_2025"]
[SourceDate "2025.07.16"]
[SourceVersion "1"]
[SourceVersionDate "2025.07.16"]
[SourceQuality "1"]

1. e4 c5 2. Nf3 d6 3. d4 cxd4 4. Nxd4 Nf6 5. Nc3 Nc6 6. Bg5 e6 7. Qd2 a6 8. 0-0-0 Be7 9. f3 Nxd4 10. Qxd4 b5 11. e5 dxe5 12. Qxe5 Qb6 13. Be3 Qb8 14. Qg3 Qxg3 15. hxg3 Bb7 16. Bd3 h6 17. g4 0-0-0 18. Bb6 Rd7 19. g5 Nd5 20. Nxd5 Bxd5 21. Be3 h5 22. a4 Bc6 23. g6 fxg6 24. axb5 axb5 25. Bxg6 Rxd1+ 26. Kxd1 h4 27. Ke2 Kc7 28. Ra1 Bf6 29. c3 Rb8 30. Bf4+ e5 31. Ra7+ Rb7 32. Rxb7+ Bxb7 33. Be3 Bc8 34. Be8 Ba6 35. Kd2 b4 36. Ke1 bxc3 37. bxc3 Bc4 1/2-1/2

[Event "San Vicente op 9th"]
[Site "San Vicente"]
[Date "2025.04.19"]
[Round "6"]
[White "Castellanos Rodriguez, Renier"]
[Black "Chavez Suarez, Carlos Alberto"]
[Result "1-0"]
[WhiteElo "2471"]
[BlackElo "2308"]
[PlyCount "101"]
[EventDate "2025.04.16"]
[EventType "swiss"]
[EventRounds "9"]
[EventCountry "ESP"]
[SourceTitle "CB17_2025"]
[SourceDate "2025.04.23"]
[SourceVersion "1"]
[SourceVersionDate "2025.04.23"]
[SourceQuality "1"]

1. e4 c5 2. Nf3 a6 3. g3 g6 4. Bg2 Bg7 5. c3 d5 6. e5 Nc6 7. d4 cxd4 8. cxd4 Bg4 9. 0-0 f6 10. exf6 Nxf6 11. h3 Bxf3 12. Bxf3 0-0 13. Nc3 Qd7 14. Bg2 e6 15. Be3 Ne8 16. Na4 Qf7 17. Nc5 Nd6 18. Qb3 Kh8 19. Rad1 Rac8 20. Kh2 Nb5 21. Qa4 Nbxd4 22. Rxd4 Nxd4 23. Bxd4 e5 24. Be3 d4 25. Nxb7 Rb8 26. Qxa6 dxe3 27. fxe3 Qd7 28. Rxf8+ Rxf8 29. Nd6 Qe6 30. Qa3 Bh6 31. Ne4 Qb6 32. h4 Qxe3 33. Qe7 Qb6 34. b4 Bg7 35. a4 Qd8 36. Qe6 Qe8 37. Qb3 Qf7 38. Qc3 Qa2 39. a5 Rb8 40. Nd6 h5 41. b5 Rf8 42. Ne4 Qa4 43. b6 Qb5 44. Nd6 Qa6 45. Qc5 e4 46. Nxe4 Rf5 47. Qd6 Kh7 48. b7 Qxd6 49. Nxd6 Rf8 50. a6 Bd4 51. Nc8 1-0

[Event "San Vicente op 9th"]
[Site "San Vicente"]
[Date "2025.04.17"]
[Round "3"]
[White "Chavez Suarez, Carlos Alberto"]
[Black "Garcia Ramos, Daniel"]
[Result "1/2-1/2"]
[WhiteElo "2308"]
[BlackElo "2428"]
[PlyCount "51"]
[EventDate "2025.04.16"]
[EventType "swiss"]
[EventRounds "9"]
[EventCountry "ESP"]
[SourceTitle "CB17_2025"]
[SourceDate "2025.04.23"]
[SourceVersion "1"]
[SourceVersionDate "2025.04.23"]
[SourceQuality "1"]

1. d4 Nf6 2. Nf3 d5 3. g3 e6 4. Bg2 Be7 5. 0-0 0-0 6. b3 b6 7. c4 c6 8. Nbd2 Bb7 9. Qc2 Nbd7 10. e4 dxe4 11. Nxe4 c5 12. Nxf6+ Bxf6 13. Ng5 Bxg5 14. Bxb7 Rb8 15. Bxg5 Qxg5 16. Bc6 Rfd8 17. dxc5 bxc5 18. Rad1 Nf8 19. Qc3 Ng6 20. f4 Qe7 21. Qa5 h5 22. Be4 Nf8 23. Qc3 Rxd1 24. Rxd1 Rd8 25. Bf3 Rxd1+ 26. Bxd1 1/2-1/2

[Event "Catalunya-chT Gp3"]
[Site "Barcelona"]
[Date "2025.01.25"]
[Round "2.5"]
[White "Chavez Suarez, Carlos Alberto"]
[Black "Arias Boo, Guillermo"]
[Result "1-0"]
[WhiteElo "2278"]
[BlackElo "2185"]
[PlyCount "81"]
[EventDate "2025.01.18"]
[EventType "team-tourn"]
[EventRounds "5"]
[EventCountry "ESP"]
[SourceTitle "CB07_2025"]
[SourceDate "2025.02.12"]
[SourceVersion "1"]
[SourceVersionDate "2025.02.12"]
[SourceQuality "1"]
[WhiteTeam "Tres Peons"]
[BlackTeam "Foment Martinenc"]
[WhiteTeamCountry "ESP"]
[BlackTeamCountry "ESP"]

1. e4 e5 2. Nf3 Nc6 3. Bc4 Nf6 4. d3 Be7 5. Nc3 d6 6. a4 0-0 7. h3 Be6 8. Nd5 Bxd5 9. exd5 Nb4 10. g4 c6 11. dxc6 Nxc6 12. 0-0 d5 13. Ba2 e4 14. Ne1 Nb4 15. Bb3 Qd6 16. Ng2 exd3 17. cxd3 a5 18. Qf3 Nc6 19. Be3 Rad8 20. Rfe1 Qb4 21. Qd1 Bc5 22. g5 Ne8 23. Nf4 Nc7 24. Rc1 Bxe3 25. fxe3 Qd6 26. Qh5 g6 27. Qg4 Ne5 28. Qg2 Ne6 29. Nxd5 Nxg5 30. Rf1 Ne6 31. d4 Nd7 32. Nc3 Qe7 33. Nd5 Qg5 34. Qxg5 Nxg5 35. Rc7 Nxh3+ 36. Kg2 Ng5 37. Rxd7 Kg7 38. Rxb7 Ne4 39. Nf4 Rb8 40. Ne6+ Kg8 41. Rfxf7 1-0

[Event "Lorca op 13th"]
[Site "Lorca"]
[Date "2024.12.30"]
[Round "9"]
[White "Chavez Suarez, Carlos Alberto"]
[Black "Piedra Salabarria, Ernesto"]
[Result "1-0"]
[WhiteElo "2278"]
[BlackElo "2272"]
[PlyCount "49"]
[EventDate "2024.12.26"]
[EventType "swiss"]
[EventRounds "9"]
[EventCountry "ESP"]
[SourceTitle "CB02_2025"]
[SourceDate "2025.01.08"]
[SourceVersion "1"]
[SourceVersionDate "2025.01.08"]
[SourceQuality "1"]

1. e4 c5 2. Nf3 d6 3. d4 cxd4 4. Nxd4 g6 5. Nc3 Bg7 6. Be3 Nc6 7. Qd2 Nf6 8. f3 0-0 9. Bc4 Bd7 10. Bb3 Rc8 11. h4 Ne5 12. h5 Nc4 13. Bxc4 Rxc4 14. 0-0-0 a6 15. Kb1 b5 16. g4 b4 17. Nd5 Nxd5 18. exd5 Qc7 19. hxg6 hxg6 20. Qh2 f6 21. Ne6 Bxe6 22. dxe6 Rc8 23. Qh7+ Kf8 24. Bh6 Ke8 25. Qg8+ 1-0

[Event "Lorca op 13th"]
[Site "Lorca"]
[Date "2024.12.30"]
[Round "8"]
[White "Luch, Michal"]
[Black "Chavez Suarez, Carlos Alberto"]
[Result "0-1"]
[WhiteElo "2329"]
[BlackElo "2278"]
[PlyCount "84"]
[EventDate "2024.12.26"]
[EventType "swiss"]
[EventRounds "9"]
[EventCountry "ESP"]
[SourceTitle "CB02_2025"]
[SourceDate "2025.01.08"]
[SourceVersion "1"]
[SourceVersionDate "2025.01.08"]
[SourceQuality "1"]

1. c4 Nf6 2. Nc3 e5 3. g3 Bc5 4. Bg2 0-0 5. e3 Nc6 6. Nge2 d5 7. d4 exd4 8. exd4 Bb4 9. cxd5 Nxd5 10. 0-0 Be6 11. Ne4 Bg4 12. h3 Bh5 13. g4 Bg6 14. N4c3 Nb6 15. d5 Ne7 16. Nf4 Qd7 17. Qb3 Bd6 18. a4 a5 19. Rd1 h6 20. Nb5 Nbc8 21. Be3 h5 22. gxh5 Bh7 23. Rac1 Nf5 24. Nxd6 Ncxd6 25. Bc5 Qe7 26. Qf3 Nh4 27. Qe3 Qd8 28. Qg3 Nxg2 29. Nxg2 Re8 30. Ne3 Ne4 31. Qf4 Ng5 32. Kh2 Re4 33. Qg3 Rh4 34. Rg1 Rxh3+ 35. Qxh3 Nxh3 36. Kxh3 Qd7+ 37. Kh2 Re8 38. Bd4 Re4 39. Rxg7+ Kf8 40. Rxh7 Rxd4 41. Kg3 Kg8 42. Rh6 Kg7 0-1

[Event "Lorca op 13th"]
[Site "Lorca"]
[Date "2024.12.29"]
[Round "7"]
[White "Chavez Suarez, Carlos Alberto"]
[Black "Xu, Minghui"]
[Result "0-1"]
[WhiteElo "2278"]
[BlackElo "2405"]
[PlyCount "73"]
[EventDate "2024.12.26"]
[EventType "swiss"]
[EventRounds "9"]
[EventCountry "ESP"]
[SourceTitle "CB02_2025"]
[SourceDate "2025.01.08"]
[SourceVersion "1"]
[SourceVersionDate "2025.01.08"]
[SourceQuality "1"]

1. d4 Nf6 2. Nf3 g6 3. g3 Bg7 4. Bg2 d5 5. 0-0 0-0 6. b3 c5 7. e3 cxd4 8. Nxd4 e5 9. Nf3 Bg4 10. Qd2 Ne4 11. Qb4 Na6 12. Qe1 Qc8 13. Na3 Nc3 14. Kh1 e4 15. Ng1 Nb4 16. Bb2 Ncxa2 17. Bxg7 Kxg7 18. Rxa2 Nxa2 19. c4 d4 20. Qd2 dxe3 21. Qxa2 Qc5 22. fxe3 Qxe3 23. Qa1+ Kg8 24. Re1 Qxb3 25. Rxe4 Bf5 26. Re7 Rae8 27. Rxb7 Qd3 28. Qb2 Re1 29. Qf2 Rfe8 30. Nb5 Qd1 31. Nc3 Qa1 32. Rxa7 Qxc3 33. Bd5 R1e7 34. Nf3 Qc1+ 35. Kg2 Rxa7 36. g4 Rae7 37. Ng1 0-1

[Event "Lorca op 13th"]
[Site "Lorca"]
[Date "2024.12.27"]
[Round "3"]
[White "Fondrat, Johan"]
[Black "Chavez Suarez, Carlos Alberto"]
[Result "0-1"]
[WhiteElo "2057"]
[BlackElo "2278"]
[PlyCount "54"]
[EventDate "2024.12.26"]
[EventType "swiss"]
[EventRounds "9"]
[EventCountry "ESP"]
[SourceTitle "CB02_2025"]
[SourceDate "2025.01.08"]
[SourceVersion "1"]
[SourceVersionDate "2025.01.08"]
[SourceQuality "1"]

1. e4 c5 2. Nf3 d6 3. Bb5+ Bd7 4. Bxd7+ Qxd7 5. 0-0 Nc6 6. c3 g6 7. d4 Bg7 8. d5 Ne5 9. Nxe5 Bxe5 10. a4 e6 11. f4 Bg7 12. dxe6 fxe6 13. Na3 Nf6 14. Qd3 0-0 15. Bd2 Rad8 16. a5 Qc6 17. Rfe1 d5 18. e5 Ne4 19. Be3 g5 20. g3 Qe8 21. Qb5 Qg6 22. fxg5 Bxe5 23. Bxc5 Rf3 24. Re3 Rf5 25. Rf1 Qxg5 26. Rxf5 exf5 27. Qxb7 Nxc5 0-1

[Event "Barcelona Sants op 25th"]
[Site "Barcelona"]
[Date "2024.08.25"]
[Round "3"]
[White "Chavez Suarez, Carlos Alberto"]
[Black "Diaz Perez, Michel Alejandro"]
[Result "0-1"]
[WhiteElo "2279"]
[BlackElo "2487"]
[PlyCount "88"]
[EventDate "2024.08.23"]
[EventType "swiss"]
[EventRounds "10"]
[EventCountry "ESP"]
[SourceTitle "CBM 221 Extra"]
[Source "ChessBase"]
[SourceDate "2024.09.30"]
[SourceVersion "1"]
[SourceVersionDate "2024.09.30"]
[SourceQuality "1"]

1. e4 e5 2. Nf3 Nc6 3. Bc4 Nf6 4. d3 h6 5. c3 d6 6. Nbd2 a6 7. d4 g5 8. d5 Ne7 9. Qc2 Ng6 10. Nf1 g4 11. Ng1 h5 12. h4 gxh3 13. Nxh3 Nh4 14. f3 Rg8 15. Ng5 Ng6 16. g3 Be7 17. Bd2 b5 18. Bb3 Nf8 19. a4 N6d7 20. f4 exf4 21. gxf4 Bxg5 22. fxg5 Ne5 23. 0-0-0 Bg4 24. Re1 Nfd7 25. Bf4 Nc5 26. Re3 Ng6 27. Bh2 Qxg5 28. e5 dxe5 29. Ba2 bxa4 30. Qd2 0-0-0 31. Bc4 Rd6 32. Kb1 Rgd8 33. Ka2 Be6 34. Qf2 Rxd5 35. Rg1 Qe7 36. Bxd5 Rxd5 37. c4 Rd4 38. Nd2 Qd6 39. Rxg6 Rxd2 40. Rg8+ Kd7 41. Qh4 Rxb2+ 42. Kxb2 Qd2+ 43. Ka3 Qxe3+ 44. Kb4 Qb3+ 0-1

[Event "Sant Adria de Besos op 6th"]
[Site "Sant Adria de Besos"]
[Date "2024.08.19"]
[Round "9"]
[White "Singh, Siddharth"]
[Black "Chavez Suarez, Carlos Alberto"]
[Result "1-0"]
[WhiteElo "2130"]
[BlackElo "2279"]
[PlyCount "98"]
[EventDate "2024.08.11"]
[EventType "swiss"]
[EventRounds "9"]
[EventCountry "ESP"]
[SourceTitle "EXT 2025"]
[Source "ChessBase"]
[SourceDate "2024.10.14"]
[SourceVersion "1"]
[SourceVersionDate "2024.10.14"]
[SourceQuality "1"]

1. e4 c5 2. Nf3 Nc6 3. d4 cxd4 4. Nxd4 g6 5. c4 Bg7 6. Be3 Nf6 7. Nc3 d6 8. Be2 0-0 9. 0-0 Nxd4 10. Bxd4 Bd7 11. Re1 a5 12. Qc2 Bc6 13. Rad1 Nd7 14. Be3 Qc7 15. Nd5 Bxd5 16. Rxd5 Rfc8 17. Rc1 Nc5 18. b3 Qb6 19. Rb1 Qc6 20. f3 Ne6 21. Qd1 Bc3 22. f4 Bb4 23. Bg4 Rd8 24. e5 a4 25. Qf3 axb3 26. axb3 Nc7 27. Rd3 Bc5 28. Qxc6 Bxe3+ 29. Rxe3 bxc6 30. exd6 exd6 31. Rd1 Rab8 32. Red3 Ne8 33. g3 Rb4 34. Bf3 Rc8 35. Ra1 Kg7 36. Ra6 c5 37. Ra7 Rcb8 38. Bd5 Rxb3 39. Rxb3 Rxb3 40. Rxf7+ Kh6 41. g4 g5 42. Be4 gxf4 43. h4 Nf6 44. Rxf6+ Kg7 45. Rxf4 Rh3 46. g5 Rc3 47. Bd5 Kg6 48. Kg2 Rc2+ 49. Kg3 Rc1 1-0

[Event "Sant Adria de Besos op 6th"]
[Site "Sant Adria de Besos"]
[Date "2024.08.17"]
[Round "7"]
[White "Om, Batra"]
[Black "Chavez Suarez, Carlos Alberto"]
[Result "0-1"]
[WhiteElo "1937"]
[BlackElo "2279"]
[PlyCount "148"]
[EventDate "2024.08.11"]
[EventType "swiss"]
[EventRounds "9"]
[EventCountry "ESP"]
[SourceTitle "EXT 2025"]
[Source "ChessBase"]
[SourceDate "2024.10.14"]
[SourceVersion "1"]
[SourceVersionDate "2024.10.14"]
[SourceQuality "1"]

1. e4 g6 2. d4 Bg7 3. Nc3 d5 4. exd5 Nf6 5. Bb5+ Nbd7 6. Ba4 0-0 7. Qf3 Nb6 8. Bb3 a5 9. a4 Bg4 10. Qg3 Bf5 11. Qf3 Qc8 12. h3 Rd8 13. Nge2 c6 14. dxc6 bxc6 15. 0-0 Nfd5 16. Ne4 Qc7 17. c3 Re8 18. N2g3 Bc8 19. Nc5 e5 20. Re1 Nd7 21. Nxd7 Bxd7 22. dxe5 Bxe5 23. Bh6 Rab8 24. Bc4 Rxb2 25. Ne4 Rb6 26. Rad1 Bg7 27. Bc1 Rb1 28. Qd3 Rbb8 29. Nc5 Rxe1+ 30. Rxe1 Bf5 31. Qe2 Qd6 32. Ba3 Bxc3 33. Rd1 Bb4 34. Bxb4 Rxb4 35. Ne4 Qe7 36. Bxd5 cxd5 37. Nc3 Qxe2 38. Nxe2 Be6 39. Nc3 d4 40. Nb5 Bb3 41. Rxd4 Rxd4 42. Nxd4 Bxa4 43. Kf1 Bd7 44. Ke2 h5 45. h4 f6 46. Kd2 Kf7 47. Kc3 g5 48. g3 Ke7 49. Nf3 Bg4 50. Nd2 gxh4 51. gxh4 Be6 52. Ne4 Bf7 53. Nc5 Bd5 54. Kd4 Kd6 55. Na4 Bc6 56. Nb2 Bb5 57. Nd1 a4 58. Nc3 Bc6 59. Ne2 a3 60. Kc3 Bd5 61. Ng3 Bf7 62. f4 Kd5 63. Kb3 Kd4+ 64. Kxa3 Ke3 65. Nf5+ Kxf4 66. Nd6 Bg6 67. Kb2 Kg4 68. Kc3 Kxh4 69. Kd2 Kg3 70. Ke1 Kg2 71. Nc4 h4 72. Ne3+ Kg1 73. Ng4 h3 74. Kd2 Bf5 0-1

[Event "Sant Adria de Besos op 6th"]
[Site "Sant Adria de Besos"]
[Date "2024.08.13"]
[Round "3"]
[White "Ambarish, Sharma"]
[Black "Chavez Suarez, Carlos Alberto"]
[Result "1/2-1/2"]
[WhiteElo "2059"]
[BlackElo "2279"]
[PlyCount "163"]
[EventDate "2024.08.11"]
[EventType "swiss"]
[EventRounds "9"]
[EventCountry "ESP"]
[SourceTitle "EXT 2025"]
[Source "ChessBase"]
[SourceDate "2024.10.14"]
[SourceVersion "1"]
[SourceVersionDate "2024.10.14"]
[SourceQuality "1"]

1. e4 c5 2. c3 d5 3. exd5 Qxd5 4. d4 g6 5. Be3 cxd4 6. cxd4 Nf6 7. Nc3 Qa5 8. Nf3 Bg7 9. Bc4 0-0 10. Ne5 Ne4 11. Qc2 Bf5 12. Bd3 Nxc3 13. Qxc3 Qxc3+ 14. bxc3 Bxe5 15. Bxf5 Bxd4 16. cxd4 gxf5 17. Rb1 b6 18. Rc1 Na6 19. Ke2 Rfc8 20. a3 Nc7 21. g4 fxg4 22. Rcg1 h5 23. h3 f6 24. hxg4 hxg4 25. Rxg4+ Kf7 26. Rh7+ Ke8 27. Bd2 Kd7 28. Re4 Nd5 29. Bb4 Rh8 30. Rg7 Rae8 31. Kd3 a5 32. Be1 Rh3+ 33. Rg3 Rxg3+ 34. fxg3 Rc8 35. Re2 Rc1 36. Bd2 Rg1 37. Kc4 e6 38. Be1 Rf1 39. Bf2 Ra1 40. Kb3 Rc1 41. Be1 Rd1 42. Bd2 Kd6 43. Kc2 Rg1 44. Be1 Ne7 45. Bf2 Rg2 46. Rd2 Nf5 47. d5 exd5 48. Bxb6 Rxd2+ 49. Kxd2 a4 50. Ba7 Kc6 51. Bf2 Nd6 52. Kd3 Nb5 53. g4 Kd6 54. Be1 Ke5 55. Bb4 Kf4 56. Be7 Kg5 57. Ke3 Na7 58. Bf8 Nc6 59. Bg7 Kg6 60. Bf8 Kf7 61. Bc5 Ne5 62. Kd4 Ke6 63. Kc3 Nc6 64. Bf2 Ke5 65. Kd3 Kd6 66. Kc3 Ke5 67. Bh4 Ke6 68. Bg3 Ne5 69. Kb4 Nxg4 70. Kxa4 Ne3 71. Kb5 d4 72. Bf4 Kd5 73. a4 Ke4 74. Bg3 d3 75. Be1 Nc2 76. Bd2 Nd4+ 77. Kc4 Nc6 78. a5 Nxa5+ 79. Bxa5 Ke3 80. Be1 Ke2 81. Kc3 f5 82. Bd2 1/2-1/2

[Event "Sant Adria de Besos op 6th"]
[Site "Sant Adria de Besos"]
[Date "2024.08.12"]
[Round "2"]
[White "Chavez Suarez, Carlos Alberto"]
[Black "Vaibhav, Jayant Raut"]
[Result "1/2-1/2"]
[WhiteElo "2279"]
[BlackElo "2101"]
[PlyCount "92"]
[EventDate "2024.08.11"]
[EventType "swiss"]
[EventRounds "9"]
[EventCountry "ESP"]
[SourceTitle "EXT 2025"]
[Source "ChessBase"]
[SourceDate "2024.10.14"]
[SourceVersion "1"]
[SourceVersionDate "2024.10.14"]
[SourceQuality "1"]

1. d4 Nf6 2. Nf3 e6 3. g3 b6 4. Bg2 Bb7 5. 0-0 Be7 6. c4 0-0 7. Nc3 Bb4 8. Qc2 Bxc3 9. Qxc3 d6 10. Rd1 Nbd7 11. b3 Qe7 12. Nd2 Bxg2 13. Kxg2 e5 14. dxe5 Qxe5 15. Qxe5 Nxe5 16. Bb2 Rfe8 17. h3 Rad8 18. Nf1 Ne4 19. Ne3 Nc5 20. Nd5 Rd7 21. Rac1 Nc6 22. Kf1 a5 23. Rc3 Nb4 24. a3 Nxd5 25. cxd5 Rde7 26. e3 b5 27. Rd4 Re4 28. Rxe4 Rxe4 29. f3 Re8 30. e4 b4 31. Re3 c6 32. dxc6 Rc8 33. axb4 axb4 34. Bd4 Rxc6 35. Bxc5 Rxc5 36. Rd3 Kf8 37. Ke2 Ke7 38. Rd4 Rc2+ 39. Ke3 Rc3+ 40. Rd3 Rc2 41. Kf4 g5+ 42. Ke3 h5 43. f4 f6 44. fxg5 fxg5 45. g4 hxg4 46. hxg4 Ke6 1/2-1/2

[Event "Badalona op 48th"]
[Site "Badalona"]
[Date "2024.08.02"]
[Round "1"]
[White "De Lomas Busquets, Alba"]
[Black "Chavez Suarez, Carlos Alberto"]
[Result "0-1"]
[WhiteElo "2023"]
[BlackElo "2279"]
[PlyCount "130"]
[EventDate "2024.08.02"]
[EventType "swiss"]
[EventRounds "9"]
[EventCountry "ESP"]
[SourceTitle "CBM 221 Extra"]
[Source "ChessBase"]
[SourceDate "2024.09.30"]
[SourceVersion "1"]
[SourceVersionDate "2024.09.30"]
[SourceQuality "1"]

1. d4 Nf6 2. Nf3 g6 3. Nc3 Bg7 4. e4 d6 5. Be3 c6 6. Qd2 b5 7. Bd3 Nbd7 8. h3 0-0 9. Bh6 e5 10. Bxg7 Kxg7 11. Ne2 Re8 12. dxe5 Nxe5 13. Nxe5 Rxe5 14. 0-0 Qb6 15. Ng3 c5 16. c4 bxc4 17. Bxc4 Rb8 18. b3 Nxe4 19. Nxe4 Rxe4 20. Rad1 Rd4 21. Qb2 Be6 22. Rxd4 cxd4 23. Qe2 Qc5 24. Rd1 Bxc4 25. Qxc4 Rb4 26. Qd3 Qb6 27. Rb1 a5 28. a3 Rb5 29. Kf1 Kg8 30. Rd1 Rxb3 31. Qxd4 Rb1 32. Qxb6 Rxb6 33. Rd5 Ra6 34. Ke2 Kf8 35. Kd3 Ke7 36. Kd4 a4 37. Rb5 Rc6 38. Kd3 Ra6 39. Kd4 Ke6 40. g4 Rc6 41. f4 Rc2 42. f5+ Kf6 43. Ra5 Rh2 44. fxg6 hxg6 45. g5+ Ke6 46. Rxa4 Rxh3 47. Ra5 Rg3 48. Ke4 Rg4+ 49. Kf3 Rc4 50. Ra8 Kf5 51. Ra5+ Ke6 52. Ra8 d5 53. a4 Kf5 54. Rd8 Kxg5 55. Rxd5+ f5 56. a5 Rc3+ 57. Kf2 Ra3 58. Kg2 Kg4 59. Rd6 Ra2+ 60. Kf1 g5 61. Ra6 f4 62. Ra8 Kg3 63. a6 f3 64. Re8 Rxa6 65. Re1 Rh6 0-1

[Event "Varadero op-A"]
[Site "Varadero"]
[Date "2023.10.05"]
[Round "5"]
[White "Chavez Suarez, Carlos Alberto"]
[Black "Gallestey Calvo, Ariel"]
[Result "1-0"]
[WhiteElo "2211"]
[BlackElo "2078"]
[PlyCount "103"]
[EventDate "2023.10.03"]
[EventType "swiss"]
[EventRounds "9"]
[EventCountry "CUB"]
[SourceTitle "EXT 2025"]
[Source "ChessBase"]
[SourceDate "2024.10.14"]
[SourceVersion "1"]
[SourceVersionDate "2024.10.14"]
[SourceQuality "1"]

1. d4 d5 2. Nf3 Nf6 3. c4 c6 4. g3 Bf5 5. Bg2 h6 6. 0-0 e6 7. Nc3 Nbd7 8. b3 Be7 9. Bb2 0-0 10. Nd2 Bg6 11. Re1 a5 12. a3 Qb8 13. e4 dxe4 14. Ndxe4 Nxe4 15. Nxe4 Nf6 16. d5 Bxe4 17. Bxe4 cxd5 18. cxd5 Rd8 19. Be5 Qa7 20. Rc1 Nxe4 21. Rxe4 Rxd5 22. Qg4 Bf8 23. Qf4 Rad8 24. Rc7 R5d7 25. Rd4 Qxd4 26. Bxd4 Rxc7 27. Qxc7 Rxd4 28. Qxa5 b5 29. a4 bxa4 30. bxa4 Rd5 31. Qa8 g6 32. a5 Kg7 33. a6 Ra5 34. Kg2 Bc5 35. Qc6 Bd4 36. f4 Ra2+ 37. Kf3 Rxh2 38. Ke4 Bg1 39. Qc3+ Kh7 40. Ke5 Ra2 41. Qc8 Kg7 42. Kd6 Bd4 43. Qc4 Rd2 44. Kc6 Kg8 45. Kb7 Bf2 46. Qc8+ Kh7 47. Qf8 Rd7+ 48. Kc6 Ra7 49. Kb5 Bxg3 50. Qc5 Rxa6 51. Kxa6 Bxf4 52. Qf8 1-0